[Event "Bundesliga 2122"]
[Site "Germany"]
[Date "2022.07.09"]
[Round "14.7"]
[White "Bogner, Sebastian"]
[Black "Lampert, Jonas"]
[Result "1/2-1/2"]
[WhiteElo "2573"]
[BlackElo "2542"]
[PlyCount "106"]
[EventDate "2022.03.05"]
[EventType "team-tourn"]
[EventRounds "15"]
[EventCountry "GER"]
[SourceTitle "CBM 209 Extra"]
[Source "ChessBase"]
[SourceDate "2022.09.30"]
[SourceVersion "1"]
[SourceVersionDate "2022.09.30"]
[SourceQuality "1"]
[WhiteTeam "Bayern Muenchen"]
[BlackTeam "Hamburger SK"]
[WhiteTeamCountry "GER"]
[BlackTeamCountry "GER"]

1. e4 e5 2. Nf3 Nc6 3. Bb5 a6 4. Ba4 Nf6 5. 0-0 Bc5 6. c3 b5 7. Bb3 d6 8. a4 Bb7 9. d4 Ba7 10. Bg5 h6 11. Bxf6 Qxf6 12. Bd5 0-0 13. axb5 axb5 14. Na3 b4 15. cxb4 Rab8 16. dxe5 Nxe5 17. Nxe5 dxe5 18. Bxb7 Rxb7 19. b5 c6 20. Qc2 Bd4 21. Qxc6 Qxc6 22. bxc6 Rxb2 23. Nc4 Rb4 24. Rac1 Rc8 25. Nd6 Rc7 26. Ne8 Rc8 27. Nd6 Rc7 28. Rfd1 Rb2 29. Ne8 Rc8 30. Nd6 Rc7 31. Nf5 Bxf2+ 32. Kf1 Bb6 33. Rd8+ Kh7 34. Rb8 Rf2+ 35. Ke1 Ba7 36. Rb7 Rxb7 37. cxb7 Rxg2 38. Rc7 Rg4 39. Rxf7 Rxe4+ 40. Kd2 Kg6 41. Rf8 Rb4 42. Nd6 Rd4+ 43. Kc3 Rxd6 44. Ra8 Rb6 45. Rxa7 Kf5 46. Kc4 Rb1 47. Kc5 e4 48. Kc6 Rc1+ 49. Kd6 Rd1+ 50. Kc7 Rc1+ 51. Kd6 Rd1+ 52. Kc7 Rc1+ 53. Kd6 Rd1+ 1/2-1/2

[Event "Maribor Pirc Memorial 23rd"]
[Site "Maribor"]
[Date "2020.08.12"]
[Round "3"]
[White "Lampert, Jonas"]
[Black "Mohr, Georg"]
[Result "1-0"]
[WhiteElo "2531"]
[BlackElo "2434"]
[PlyCount "71"]
[EventDate "2020.08.10"]
[EventType "tourn"]
[EventRounds "9"]
[EventCountry "SLO"]
[EventCategory "7"]
[SourceTitle "CBM 197 Extra"]
[Source "ChessBase"]
[SourceDate "2020.09.30"]
[SourceVersion "1"]
[SourceVersionDate "2020.09.30"]
[SourceQuality "1"]

1. d4 Nf6 2. c4 g6 3. Nc3 Bg7 4. e4 d6 5. Be2 0-0 6. Be3 c6 7. Nf3 e5 8. d5 Ng4 9. Bg5 f6 10. Bh4 c5 11. Nd2 h5 12. Nf1 Nh6 13. f3 Nf7 14. Qc2 Bh6 15. Bf2 Kg7 16. Ne3 h4 17. Bd3 Ng5 18. Ke2 h3 19. g3 Na6 20. a3 f5 21. exf5 gxf5 22. Nxf5+ Bxf5 23. Bxf5 Nxf3 24. g4 Nd4+ 25. Bxd4 cxd4 26. Ne4 Nc5 27. Nxc5 dxc5 28. g5 Bxg5 29. Rhg1 Kh8 30. Raf1 Bh6 31. Qe4 Qd6 32. Rg6 Rf6 33. Be6 d3+ 34. Qxd3 e4 35. Rxh6+ Kg7 36. Rg1+ 1-0

[Event "PRO League Stage"]
[Site "Chess.com INT"]
[Date "2019.03.06"]
[Round "9"]
[White "Lampert, Jonas"]
[Black "Tregubov, Pavel V"]
[Result "1/2-1/2"]
[WhiteElo "2544"]
[BlackElo "2592"]
[PlyCount "77"]
[EventDate "2019.01.08"]
[EventType "team-swiss (rapid)"]
[EventRounds "10"]
[EventCountry "USA"]
[SourceTitle "CBM 189 Extra"]
[Source "ChessBase"]
[SourceDate "2019.06.03"]
[SourceVersion "1"]
[SourceVersionDate "2019.06.03"]
[SourceQuality "1"]
[WhiteTeam "Berlin Bears"]
[BlackTeam "Marseille Migraines"]
[WhiteTeamCountry "GER"]
[BlackTeamCountry "FRA"]

1. e4 c5 2. Nf3 e6 3. d4 cxd4 4. Nxd4 Nc6 5. Nc3 Nf6 6. Ndb5 Bb4 7. a3 Bxc3+ 8. Nxc3 d5 9. Bd3 d4 10. Ne2 e5 11. 0-0 0-0 12. h3 Nd7 13. b4 a5 14. Bd2 Nb6 15. f4 f6 16. b5 Ne7 17. fxe5 fxe5 18. Ng3 Be6 19. Qh5 Ng6 20. Nf5 Nc4 21. Bg5 Qd7 22. a4 Nb2 23. Nh4 Nxd3 24. cxd3 Bf7 25. Qe2 Nxh4 26. Bxh4 Rac8 27. Rfc1 Bb3 28. Bg3 Qe6 29. Qh5 Bc2 30. Qxe5 Qxe5 31. Bxe5 Bxd3 32. Bxd4 Bxe4 33. Bb6 Rc2 34. Rxc2 Bxc2 35. Ra2 Bb3 36. Ra3 Bc2 37. Ra2 Bb3 38. Ra3 Bc2 39. Ra2 1/2-1/2

[Event "Bundesliga 1819"]
[Site "Germany"]
[Date "2019.03.03"]
[Round "11.3"]
[White "Beerdsen, Thomas"]
[Black "Lampert, Jonas"]
[Result "1/2-1/2"]
[WhiteElo "2474"]
[BlackElo "2547"]
[PlyCount "92"]
[EventDate "2018.11.10"]
[EventType "team-tourn"]
[EventRounds "15"]
[EventCountry "GER"]
[SourceTitle "CBM 189 Extra"]
[Source "ChessBase"]
[SourceDate "2019.06.03"]
[SourceVersion "1"]
[SourceVersionDate "2019.06.03"]
[SourceQuality "1"]
[WhiteTeam "Muelheim Nord"]
[BlackTeam "Hamburger SK"]
[WhiteTeamCountry "GER"]
[BlackTeamCountry "GER"]

1. e4 e5 2. Nf3 Nc6 3. Bc4 Nf6 4. d3 Bc5 5. c3 d6 6. 0-0 h6 7. Re1 a5 8. d4 Bb6 9. h3 0-0 10. dxe5 Nxe5 11. Nxe5 dxe5 12. Qxd8 Rxd8 13. Nd2 Bd7 14. Bb3 a4 15. Bc2 Be6 16. Nf1 Nd7 17. Be3 Bxe3 18. Nxe3 Nc5 19. Kf1 Ra6 20. f3 Rad6 21. h4 b5 22. Red1 Rxd1+ 23. Bxd1 Rd2 24. b4 axb3 25. Bxb3 Nxb3 26. axb3 Rd3 27. Nd5 Bxd5 28. exd5 Rxc3 29. Ra8+ Kh7 30. Rc8 Rc5 31. h5 g6 32. b4 Rxd5 33. Rxc7 Kg7 34. hxg6 Kxg6 35. Rb7 f5 36. g3 e4 37. Ke2 Kg5 38. Rb6 exf3+ 39. Kxf3 Rd3+ 40. Kf2 Rd5 41. Ke3 h5 42. Rb8 Rd1 43. Rg8+ Kf6 44. Rf8+ Kg5 45. Rg8+ Kf6 46. Rf8+ Kg5 1/2-1/2

[Event "Staufer op 31st"]
[Site "Schwaebisch Gmuend"]
[Date "2019.01.03"]
[Round "3"]
[White "Olsen, Filip Boe"]
[Black "Lampert, Jonas"]
[Result "1/2-1/2"]
[WhiteElo "2359"]
[BlackElo "2544"]
[PlyCount "61"]
[EventDate "2019.01.02"]
[EventType "swiss"]
[EventRounds "9"]
[EventCountry "GER"]
[SourceTitle "CBM 188 Extra"]
[Source "ChessBase"]
[SourceDate "2019.02.26"]
[SourceVersion "1"]
[SourceVersionDate "2019.02.26"]
[SourceQuality "1"]

1. d4 d5 2. c4 c6 3. cxd5 cxd5 4. Nc3 Nc6 5. Bf4 Nf6 6. e3 Bf5 7. Nf3 e6 8. Qb3 Bb4 9. Ne5 Qe7 10. Bb5 Rc8 11. Nxc6 bxc6 12. Ba6 Rd8 13. 0-0 0-0 14. Na4 Nh5 15. Be5 Bd6 16. Bxd6 Rxd6 17. Rfc1 e5 18. Qb4 Re8 19. Rc3 Nf6 20. f3 Nd7 21. Rac1 h5 22. Bf1 Rb8 23. Qa5 exd4 24. exd4 Nf8 25. b3 Ne6 26. Re1 Rbd8 27. Nc5 Qh4 28. Rce3 Rc8 29. Nxe6 Rxe6 30. Rxe6 Bxe6 31. Rd1 1/2-1/2

[Event "Staufer op 31st"]
[Site "Schwaebisch Gmuend"]
[Date "2019.01.02"]
[Round "2"]
[White "Lampert, Jonas"]
[Black "Sieber, Fiona"]
[Result "1-0"]
[WhiteElo "2544"]
[BlackElo "2264"]
[PlyCount "111"]
[EventDate "2019.01.02"]
[EventType "swiss"]
[EventRounds "9"]
[EventCountry "GER"]
[SourceTitle "CBM 188 Extra"]
[Source "ChessBase"]
[SourceDate "2019.02.26"]
[SourceVersion "1"]
[SourceVersionDate "2019.02.26"]
[SourceQuality "1"]

1. d4 Nf6 2. c4 g6 3. Nc3 d5 4. cxd5 Nxd5 5. Bd2 Nb6 6. Bf4 Bg7 7. e3 c5 8. dxc5 Bxc3+ 9. bxc3 Qxd1+ 10. Rxd1 N6d7 11. h4 Nxc5 12. h5 Nc6 13. hxg6 fxg6 14. Nf3 Be6 15. c4 Bg4 16. Rd5 b6 17. Ng5 h6 18. Be2 Bxe2 19. Kxe2 Kf8 20. Nf3 Kg7 21. Nd4 Nb4 22. Be5+ Kh7 23. Rxc5 bxc5 24. Ne6 Rhf8 25. Nxf8+ Rxf8 26. a3 Nc6 27. Bf4 h5 28. Rb1 Na5 29. Kd3 e5 30. Bg3 Rd8+ 31. Ke4 Nxc4 32. Rb7+ Kh6 33. Rxa7 Kg5 34. Rc7 Kf6 35. Rc6+ Kf7 36. Rxc5 Nxa3 37. Bxe5 Rd2 38. Rc7+ Ke6 39. Rc6+ Ke7 40. Bc3 Rxf2 41. Bb4+ Kf7 42. Bxa3 Rxg2 43. Kf3 Rg1 44. Bb2 h4 45. Rc7+ Ke6 46. Rh7 g5 47. Rh6+ Kf7 48. Be5 g4+ 49. Kf2 Rh1 50. Kg2 Re1 51. Bf4 h3+ 52. Kg3 Rg1+ 53. Kh4 Rg2 54. Kg5 Ke7 55. Kf5 Kd7 56. Rh4 1-0

[Event "Biel MTO op 51st"]
[Site "Biel"]
[Date "2018.07.31"]
[Round "8"]
[White "Lampert, Jonas"]
[Black "Sachdev, Tania"]
[Result "1/2-1/2"]
[WhiteElo "2546"]
[BlackElo "2393"]
[PlyCount "97"]
[EventDate "2018.07.23"]
[EventType "swiss"]
[EventRounds "9"]
[EventCountry "SUI"]
[SourceTitle "CBM 186 Extra"]
[Source "ChessBase"]
[SourceDate "2018.08.24"]
[SourceVersion "1"]
[SourceVersionDate "2018.08.24"]
[SourceQuality "1"]

1. e4 e5 2. Nf3 Nc6 3. Bb5 a6 4. Ba4 Nf6 5. Nc3 b5 6. Bb3 Be7 7. d3 Bb7 8. a4 b4 9. Nd5 Na5 10. Ba2 Nxd5 11. Bxd5 Bxd5 12. exd5 0-0 13. Nxe5 Bd6 14. d4 Qe7 15. 0-0 Bxe5 16. dxe5 Qxe5 17. Re1 Qf5 18. b3 Rfe8 19. Rxe8+ Rxe8 20. Be3 Nb7 21. Qd2 a5 22. Rc1 Nd6 23. c3 bxc3 24. Rxc3 Ne4 25. Qd3 Qe5 26. Rc1 Nf6 27. h3 Nxd5 28. Bd2 Nf4 29. Bxf4 Qxf4 30. Rd1 d6 31. Qc3 Qb4 32. Qc6 Re1+ 33. Rxe1 Qxe1+ 34. Kh2 Qe7 35. g3 h5 36. Qxc7 g6 37. Qb6 Qe2 38. Qe3 Qb2 39. Kg2 d5 40. Qd3 Qe5 41. Qd2 Qe4+ 42. f3 Qe5 43. h4 Kg7 44. Kf2 d4 45. Qd3 Kh7 46. Qe2 Qd6 47. Qd3 Qe5 48. Qe2 Qd6 49. Qd3 1/2-1/2

[Event "Biel MTO op 51st"]
[Site "Biel"]
[Date "2018.07.27"]
[Round "5"]
[White "Meins, Gerlef"]
[Black "Lampert, Jonas"]
[Result "0-1"]
[WhiteElo "2409"]
[BlackElo "2546"]
[PlyCount "78"]
[EventDate "2018.07.23"]
[EventType "swiss"]
[EventRounds "9"]
[EventCountry "SUI"]
[SourceTitle "CBM 186 Extra"]
[Source "ChessBase"]
[SourceDate "2018.08.24"]
[SourceVersion "1"]
[SourceVersionDate "2018.08.24"]
[SourceQuality "1"]

1. Nf3 d5 2. g3 g6 3. Bg2 Bg7 4. 0-0 e5 5. d3 Nc6 6. c3 Nge7 7. e4 0-0 8. Na3 h6 9. Nc2 a5 10. exd5 Nxd5 11. d4 e4 12. Ne5 Bf5 13. Nxc6 bxc6 14. Ne3 Nxe3 15. Bxe3 Qd7 16. Qc2 Rfe8 17. Rfe1 g5 18. b4 Bg6 19. Rab1 Kh7 20. Qe2 f5 21. b5 Qf7 22. Qd2 Rf8 23. bxc6 f4 24. gxf4 gxf4 25. Bxf4 Qxf4 26. Qxf4 Rxf4 27. Rb7 Rf7 28. Bxe4 Bxe4 29. Rxe4 Bf8 30. c4 Bd6 31. c5 Rg8+ 32. Kf1 Bxh2 33. d5 Rgf8 34. Ke2 Rxf2+ 35. Kd3 Kg6 36. Kc4 Rc2+ 37. Kb5 Rd8 38. d6 cxd6 39. c7 Rxc5+ 0-1

[Event "Staufer op-A 30th"]
[Site "Schwaebisch Gmuend"]
[Date "2018.01.03"]
[Round "4"]
[White "Skembris, Spyridon"]
[Black "Lampert, Jonas"]
[Result "0-1"]
[WhiteElo "2387"]
[BlackElo "2518"]
[PlyCount "84"]
[EventDate "2018.01.02"]
[EventType "swiss"]
[EventRounds "9"]
[EventCountry "GER"]
[SourceTitle "CBM 182 Extra"]
[Source "ChessBase"]
[SourceDate "2018.02.23"]
[SourceVersion "1"]
[SourceVersionDate "2018.02.23"]
[SourceQuality "1"]

1. c4 e6 2. g3 d5 3. Bg2 dxc4 4. Qa4+ c6 5. Qxc4 b5 6. Qc2 Bb7 7. b3 Nf6 8. Bb2 Be7 9. Nc3 Qb6 10. Ne4 Nbd7 11. Nxf6+ Bxf6 12. Bxf6 Nxf6 13. Rc1 c5 14. Bxb7 Qxb7 15. Nf3 Rc8 16. 0-0 0-0 17. d3 Rfd8 18. Qb2 Nd5 19. a3 b4 20. Rc4 Nc3 21. Re1 a5 22. a4 f6 23. Qd2 e5 24. Qe3 Qe7 25. Nd2 Rd4 26. Rxd4 cxd4 27. Qf3 Qe6 28. Qb7 Re8 29. Nc4 e4 30. dxe4 Nxe4 31. Qc7 h6 32. Nxa5 Ng5 33. Rc1 Qe4 34. Qc6 Nh3+ 35. Kf1 Qxe2+ 36. Kg2 Qxf2+ 37. Kxh3 Qf5+ 38. Kg2 Re2+ 39. Kh1 Qf2 40. Qc4+ Kh8 41. Qxe2 Qxe2 42. Nc4 d3 0-1